00858nam a2200193Ia 4500001001300000003001000013005001700023008004100040040002500081041000700106100005300113245015700166260003500323300001200358500005800370650001400428654000900442700021300451b5496-36903 IT-MiCISF20260128101142.0161014s9999||||xx |||||||||||||| ||und|| aIT-MiCISFcIT-MiCISF ait aCam - Centro Ausiliario per i Problemi Minorili  0aLe modalità di attuazione dell'obbligo di consegna dei minori: un discorso interdisciplinare in camminobAtti del seminario, Milano, 30 settembre 2000 a Milano,bFranco Angeli,c2001 app. 127 a società, tribunale-minorenni, operatori-sociali /  asocietà aatti aLo Moro C., Artoni Schlesinger C., Brambilla F., Pomodoro L., Turri G.C.,aCaruso A.M.,Schlesinger P., De Marco G., Brienza M., Cavallo M., Rossi P., a Loi U., Della Rosa L., Bertotti T., Grieco A., Papa M.